Logo biblioteca
Santa Fe 2917, Rosario, Santa Fe
Lu-Vi 8 a 19.45
+54-341-4232362
bibliotecaeudoro@gmail.com
Facebook Biblioteca Pedagógica
Sitio web

Conflictos entre familias y escuela : (Registro nro. 32509)

Detalles MARC
000 -CABECERA
campo fijo de control de longitud 01848nab a2200277 4500
003 - IDENTIFICADOR DEL NÚMERO DE CONTROL
campo de control AR-RoBPED
005 - FECHA Y HORADE LA ULTIMA TRANSACCION
campo de control 20260407112831.0
008 - ELEMENTOS DE LONGITUD FIJA--INFORMACION GENERAL
campo fijo de control de longitud 260407b |||||||| |||| 00| 0 spa d
040 ## - FUENTE CATALOGADORA
Centro catalogador/agencia de origen AR-RoBPED
041 ## - IDIOMA
Código de idioma para texto/pista de sonido o título independiente spa
100 1# - ENCABEZAMIENTO PRINCIPAL--AUTOR PERSONAL
Nombre de persona Devalle, Analía
9 (RLIN) 30714
Función Psicoanalista y licenciada en Ciencias de la Educación
245 1# - TITULO
Título Conflictos entre familias y escuela :
Subtítulo un abordaje posible /
260 ## - PUBLICACION
Lugar Buenos Aires :
Editor Noveduc,
Fecha 2025
300 ## - DESCRIPCION FISICA
Extensión 27-29 p.
500 ## - NOTA GENERAL
Nota general Desde el equipo de orientación de una escuela, las autoras dan cuenta de la creación de un dispositivo dirigido a familias con el propósito de armar consensos entre adultos en relación con situaciones conflictivas que ocurren entre estudiantes. Se apuesta a la construcción de referencias comunes respecto a la función de los adultos al momento de abordarlas. Cabe señalar que dichas situaciones conflictivas acontecen por fuera de la institución, pero inciden directamente en la convivencia escolar. Hechos que suceden en un espacio "entre" (Devalle,2023) el campo de acción de las familias y el campo escolar, que da cuenta de un tiempo de transformación de las instituciones y de la necesidad de reinventar prácticas. El dispositivo también se propone advertir que las familias de una cohorte son un grupo con impacto y responsabilidad en el grupo clase.
650 #7 - TERMINO DE MATERIA--CONTROLADO
Término controlado EQUIPO EDUCACIONAL
9 (RLIN) 1163
Término controlado ESCUELA
9 (RLIN) 20136
Término controlado FAMILIA
9 (RLIN) 201
Término controlado ESTUDIANTES
9 (RLIN) 11380
Término controlado CONFLICTOS EN EL AULA
9 (RLIN) 16554
Término controlado CONVIVENCIA
9 (RLIN) 911
700 1# - ENCABEZAMIENTO SECUNDARIO--AUTOR PERSONAL
Nombre de persona Frohmann, Bárbara
9 (RLIN) 30716
Función Psicologa y docente de nivel primario
773 0# - DOCUMENTO FUENTE
Host Biblionumber 20414
Host Itemnumber 41867
Place, publisher, and date of publication Buenos Aires : Noveduc, 1993-
Título Novedades Educativas
Record control number (AR-RoBPED)20414
International Standard Serial Number 03283534
942 ## - ELEMENTOS KOHA
Fuente de clasificación Universal Decimal Classification
Koha tipo de ítem Revistas
Clasificación 37(05)
Signatura librística Nov 86 N° 400 (Febr.2025)
Número Koha k.32509
945 ## - PROCESAMIENTO DE LA INFORMACIÓN LOCAL
Catalogador y fecha mar 04/2026

No hay ítems disponibles.